Theorie der Aussenwirtschaft

Gespeichert in:
Bibliographische Detailangaben
1. Verfasser: Rose, Klaus
Format: Buch
Sprache:Deutsch
Veröffentlicht: München Vahlen 1981
Ausgabe:8. überarb. Aufl.
Tags: Tag hinzufügen
Keine Tags, Fügen Sie das erste Tag hinzu!

MARC

LEADER 00000nam a2200000 4500
001 c132061
005 20221207070956.4
041 0 |a ger 
044 |a DE 
245 1 0 |a Theorie der Aussenwirtschaft  |c Klaus Rose 
250 |a 8. überarb. Aufl. 
264 1 |a München  |b Vahlen  |c 1981 
300 |a 494 s. 
100 1 |a Rose, Klaus